000 00918cam a22002771 4500
001 22127
003 BD-RjUL
005 20211209000753.0
008 140306s19481948enk 000 0 eng
035 _a(BD-RjUL)22192
040 _aDLC
_cDLC
_dDLC
_dOCoLC
_dDLC
_beng
041 _aeng
082 0 0 _a891.6209
_bFLI 1948
100 1 _aFlower, Robin,
_d1881-1946.
_968322
245 1 4 _aThe Irish tradition /
_cRobin Flower
260 _aOxford :
_bClarendon Press,
_cc1947 [reprinting 1948]
300 _a173 p. ;
_c20 cm.
650 0 _aIrish literature
_yMiddle Irish, 1100-1550
_xHistory and criticism.
_968323
650 0 _aLanguage and culture
_zIreland
_xHistory
_yTo 1500.
_968324
650 0 _aCivilization, Celtic, in literature.
_955312
650 0 _aInfluence (Literary, artistic, etc.)
_968325
651 0 _aIreland
_xIn literature.
_968326
942 _2ddc
_cBK
999 _c22127
_d22127